Les 20 villes les plus peuplées du Lot sur une carte - Statistiques

Statistiques générales
  • Ce quiz a été pris 121 fois
  • Le résultat moyen est 8 sur 20
Réponses sur la Carte
Les réponses sont colorées sur une échelle allant du rouge au vert en fonction du pourcentage des utilisateurs qui les ont devinées à leur premier essai. Vous pouvez retrouver ces pourcentages ci-dessous.
 
Statistiques - réponses
Pop. Réponse % Correct
20 141 Cahors
99%
9 770 Figeac
93%
3 946 Gourdon
81%
3 482 Gramat
63%
3 198 Souillac
57%
3 438 Saint-Céré
51%
3 584 Pradines
38%
1 636 Martel
37%
1 389 Bretenoux
31%
1 812 Montcuq-en-Quercy-Blanc
30%
2 460 Prayssac
29%
1 900 Puy-l'Évêque
29%
1 858 Lalbenque
23%
1 771 Luzech
23%
1 973 Biars-sur-Cère
19%
1 835 Castelnau-Montratier
19%
1 539 Le Vigan
18%
1 477 Bagnac-sur-Célé
15%
1 333 Sousceyrac-en-Quercy
10%
1 291 Labastide-Marnhac
7%
Aucun quiz correspondant
Distribution des résultats
% des personnes avec chaque résultat
Percentile par nombre de réponses
Votre historique - résultats
Vous n’avez pas pris ce quiz